00348 a2200121 450000500170000002000220001708200160003910000210005524500300007625000140010626000400012030000660016020250624081250.0 a978-1-264-70465-1 a658.007 SCH aSCHINDLER, S . P aBusiness Research Methods a14th Ed.  aNew YorkbMcGraw-Hill Irwin c2022. axxxi, 624p.: ill.; figuresbAppendix, Index, Referencesc27cm